Normal view
MARC view
- Guedalla, Philip
Entry Personal Name
001 - CONTROL NUMBER
- control field: 37992
003 - CONTROL NUMBER IDENTIFIER
- control field: NUST
005 - DATE AND TIME OF LATEST TRANSACTION
- control field: 20210314130505.0
008 - FIXED-LENGTH DATA ELEMENTS
- fixed length control field: 210314|| aca||aabn | a|a d
040 ## - CATALOGING SOURCE
- Original cataloging agency: NUST
- Transcribing agency: NUST
100 ## - HEADING--PERSONAL NAME
- Personal name: Guedalla, Philip
670 ## - SOURCE DATA FOUND
- Source citation: Work cat.: (NUST): Guedalla, Philip,, Middle East, 1940-1942,, [1944]
